000 00424nam a2200181Ia 4500
003 0STCL
008 150530s9999 xx 000 0 und d
040 _aSTCL
_cSTCL
100 _aCarruthers, W.
245 _aModern methods of organic synthesis
250 _aThird
260 _bCambridge university press
_c2004
300 _a0
546 _aEnglish
942 _2ddc
_cBK
999 _c33997
_d33997
005 20220125170321.0